Comprehending behavioral statistics (Record no. 478507)

000 -LEADER
fixed length control field 01254pam a2200325 a 4500
001 - CONTROL NUMBER
control field 3543563
003 - CONTROL NUMBER IDENTIFIER
control field NUST
005 - DATE AND TIME OF LATEST TRANSACTION
control field 20180601062657.0
008 - FIXED-LENGTH DATA ELEMENTS--GENERAL INFORMATION
fixed length control field 970613s1998 caua 001 0 eng
010 ## - LIBRARY OF CONGRESS CONTROL NUMBER
LC control number 97026026
020 ## - INTERNATIONAL STANDARD BOOK NUMBER
International Standard Book Number 0534348890
038 ## - RECORD CONTENT LICENSOR
Staff Name SNS Library
040 ## - CATALOGING SOURCE
Original cataloging agency DLC
Transcribing agency DLC
Modifying agency DLC
050 00 - LIBRARY OF CONGRESS CALL NUMBER
Classification number BF39
Item number .H87 1998
082 00 - DEWEY DECIMAL CLASSIFICATION NUMBER
Classification number 150.727
Edition number 21
100 1# - MAIN ENTRY--PERSONAL NAME
Personal name Hurlburt, Russell T.
9 (RLIN) 10727
245 10 - TITLE STATEMENT
Title Comprehending behavioral statistics
Statement of responsibility, etc. Russell T. Hurlburt.
250 ## - EDITION STATEMENT
Edition statement 2nd ed.
260 ## - PUBLICATION, DISTRIBUTION, ETC.
Place of publication, distribution, etc. Pacific Grove, Calif. :
Name of publisher, distributor, etc. Brooks/Cole Pub. Co.,
Date of publication, distribution, etc. c1998.
300 ## - PHYSICAL DESCRIPTION
Extent xxiii, 547 p. :
Other physical details ill. ;
Dimensions 28 cm.
500 ## - GENERAL NOTE
General note Includes index.
650 #0 - SUBJECT ADDED ENTRY--TOPICAL TERM
Topical term or geographic name entry element Psychometrics.
9 (RLIN) 10728
650 #0 - SUBJECT ADDED ENTRY--TOPICAL TERM
Topical term or geographic name entry element Social sciences
General subdivision Statistical methods.
9 (RLIN) 92
856 42 - ELECTRONIC LOCATION AND ACCESS
Materials specified Contributor biographical information
Uniform Resource Identifier <a href="http://www.loc.gov/catdir/enhancements/fy1310/97026026-b.html">http://www.loc.gov/catdir/enhancements/fy1310/97026026-b.html</a>
856 42 - ELECTRONIC LOCATION AND ACCESS
Materials specified Publisher description
Uniform Resource Identifier <a href="http://www.loc.gov/catdir/enhancements/fy1310/97026026-d.html">http://www.loc.gov/catdir/enhancements/fy1310/97026026-d.html</a>
856 41 - ELECTRONIC LOCATION AND ACCESS
Materials specified Table of contents only
Uniform Resource Identifier <a href="http://www.loc.gov/catdir/enhancements/fy1310/97026026-t.html">http://www.loc.gov/catdir/enhancements/fy1310/97026026-t.html</a>
906 ## - LOCAL DATA ELEMENT F, LDF (RLIN)
a 7
b cbc
c orignew
d 1
e ocip
f 19
g y-gencatlg
942 ## - ADDED ENTRY ELEMENTS (KOHA)
Source of classification or shelving scheme
Koha item type Book
Holdings
Withdrawn status Lost status Source of classification or shelving scheme Damaged status Not for loan Permanent Location Current Location Date acquired Total Checkouts Full call number Barcode Date last seen Price effective from Koha item type
          School of Natural Sciences (SNS) School of Natural Sciences (SNS) 06/01/2018   150.727 SNS0002361 06/01/2018 06/01/2018 Book
© 2023 Central Library, National University of Sciences and Technology. All Rights Reserved.